[Event "Split op 8th"]
[Site "Split"]
[Date "2018.08.15"]
[Round "5"]
[White "Bassetti, Danilo"]
[Black "Bozinovic, Bogdan"]
[Result "0-1"]
[WhiteElo "2021"]
[BlackElo "2214"]
[PlyCount "64"]
[EventDate "2018.08.12"]
[EventType "swiss"]
[EventRounds "9"]
[EventCountry "CRO"]
[SourceTitle "CBM 186 Extra"]
[Source "ChessBase"]
[SourceDate "2018.08.24"]
[SourceVersion "1"]
[SourceVersionDate "2018.08.24"]
[SourceQuality "1"]

1. Nf3 c5 2. g3 b6 3. Bg2 Bb7 4. c4 Nf6 5. Nc3 e6 6. 0-0 Be7 7. d3 0-0 8. a3 Nc6 9. Ne5 Qc8 10. Nxc6 Bxc6 11. e4 d6 12. Qc2 Nd7 13. Be3 Ne5 14. h3 Bb7 15. f4 Nc6 16. Kh2 Bf6 17. Rab1 Qd7 18. b4 Rac8 19. b5 Nd4 20. Qd2 Qc7 21. Rb2 Ra8 22. Rfb1 a6 23. bxa6 Rxa6 24. Bxd4 Bxd4 25. Nb5 Qd8 26. Nxd4 cxd4 27. a4 Bc6 28. Rb4 e5 29. Qb2 Rxa4 30. Rxb6 Qc7 31. Rb8 Ra8 32. Qb6 Qxb8 0-1

[Event "Prague Summer op 2nd"]
[Site "Prague"]
[Date "2015.08.09"]
[Round "3"]
[White "Bassetti, Danilo"]
[Black "Martinsen, Stig K"]
[Result "0-1"]
[WhiteElo "2004"]
[BlackElo "2205"]
[PlyCount "44"]
[EventDate "2015.08.07"]
[EventType "swiss"]
[EventRounds "9"]
[EventCountry "CZE"]
[SourceTitle "CBM 167 Extra"]
[Source "ChessBase"]
[SourceDate "2015.09.14"]
[SourceVersion "1"]
[SourceVersionDate "2015.09.14"]
[SourceQuality "1"]

1. Nf3 d6 2. d4 g6 3. c4 f5 4. g3 Nf6 5. Bg2 Bg7 6. Nc3 0-0 7. 0-0 Qe8 8. Qb3 Kh8 9. Bg5 e5 10. Bxf6 Bxf6 11. Nd5 Bd8 12. dxe5 dxe5 13. e4 c6 14. Nc3 f4 15. Ne2 g5 16. gxf4 gxf4 17. Rad1 Nd7 18. Bh3 Nc5 19. Qa3 Bxh3 20. Qxc5 Rg8+ 21. Ng3 fxg3 22. fxg3 Bb6 0-1

[Event "Dresden ZMD op 23rd"]
[Site "Dresden"]
[Date "2014.08.23"]
[Round "9"]
[White "Schnoor, Ekkehard"]
[Black "Bassetti, Danilo"]
[Result "0-1"]
[WhiteElo "2165"]
[BlackElo "1965"]
[PlyCount "74"]
[EventDate "2014.08.15"]
[EventType "swiss"]
[EventRounds "9"]
[EventCountry "GER"]
[SourceTitle "CBM 161 Extra"]
[Source "ChessBase"]
[SourceDate "2014.08.29"]
[SourceVersion "1"]
[SourceVersionDate "2014.08.29"]
[SourceQuality "1"]

1. e4 e5 2. Nf3 Nc6 3. Bb5 a6 4. Ba4 Nf6 5. d3 b5 6. Bb3 Be7 7. 0-0 0-0 8. Re1 d6 9. c3 Na5 10. Bc2 c5 11. Nbd2 Re8 12. Nf1 Bf8 13. h3 g6 14. Bg5 h6 15. Bxf6 Qxf6 16. Ne3 Bg7 17. Nd5 Qd8 18. b4 Nc6 19. a4 Bb7 20. Bb3 cxb4 21. axb5 axb5 22. cxb4 Ne7 23. Rxa8 Bxa8 24. Nc3 Qb6 25. Qd2 Bc6 26. Ra1 Rc8 27. Ra5 Be8 28. Nd5 Nxd5 29. Bxd5 Kh7 30. Qa2 f5 31. Ra6 Qc7 32. exf5 Qc1+ 33. Kh2 Rc2 34. fxg6+ Bxg6 35. Bg8+ Kh8 36. Qd5 Qf4+ 37. g3 Rxf2+ 0-1

[Event "Dresden ZMD op 23rd"]
[Site "Dresden"]
[Date "2014.08.20"]
[Round "6"]
[White "Bassetti, Danilo"]
[Black "Reinemer, Frank"]
[Result "1/2-1/2"]
[WhiteElo "1965"]
[BlackElo "2203"]
[PlyCount "106"]
[EventDate "2014.08.15"]
[EventType "swiss"]
[EventRounds "9"]
[EventCountry "GER"]
[SourceTitle "CBM 161 Extra"]
[Source "ChessBase"]
[SourceDate "2014.08.29"]
[SourceVersion "1"]
[SourceVersionDate "2014.08.29"]
[SourceQuality "1"]

1. Nf3 f5 2. d4 Nf6 3. g3 g6 4. Bg2 Bg7 5. c4 0-0 6. 0-0 d6 7. Qc2 Qe8 8. Nc3 c6 9. b3 Na6 10. Ba3 Rb8 11. Bb2 b5 12. cxb5 cxb5 13. b4 Kh8 14. a3 Bb7 15. Rac1 Qd7 16. Qb3 e6 17. Rc2 Rfc8 18. Rfc1 Nc7 19. Nd2 Bxg2 20. Kxg2 Ncd5 21. Nxd5 Nxd5 22. Kg1 Nb6 23. Qa2 Rxc2 24. Rxc2 Rc8 25. Ba1 Rxc2 26. Qxc2 Qc8 27. Qxc8+ Nxc8 28. e3 Nb6 29. Kf1 Kg8 30. Ke2 Kf7 31. Kd3 d5 32. Bb2 Nc4 33. Bc1 Ke7 34. Nb3 Nb6 35. Nc5 Bh6 36. Kc3 g5 37. Kb3 g4 38. a4 bxa4+ 39. Nxa4 Nc4 40. Nb2 Nxb2 41. Bxb2 Kd7 42. Ka4 Kc7 43. b5 Kb6 44. Ba3 a6 45. Bc5+ Kb7 46. Ka5 axb5 47. Kxb5 Bg5 48. Bd6 Bd8 49. Kc5 Ba5 50. Bf4 Bc7 51. Be5 Bxe5 52. dxe5 Kc7 53. Kb5 Kb7 1/2-1/2

[Event "Dresden ZMD op 23rd"]
[Site "Dresden"]
[Date "2014.08.17"]
[Round "3"]
[White "Stabolewski, Andreas"]
[Black "Bassetti, Danilo"]
[Result "0-1"]
[WhiteElo "2181"]
[BlackElo "1965"]
[PlyCount "136"]
[EventDate "2014.08.15"]
[EventType "swiss"]
[EventRounds "9"]
[EventCountry "GER"]
[SourceTitle "CBM 161 Extra"]
[Source "ChessBase"]
[SourceDate "2014.08.29"]
[SourceVersion "1"]
[SourceVersionDate "2014.08.29"]
[SourceQuality "1"]

1. c4 Nf6 2. Nf3 c5 3. Nc3 Nc6 4. d4 cxd4 5. Nxd4 g6 6. e4 d6 7. Be2 Bg7 8. Be3 Bd7 9. 0-0 0-0 10. Qd2 a6 11. f3 Re8 12. Rfd1 Qc7 13. Rac1 Rac8 14. Nd5 Qb8 15. Nb6 Rcd8 16. b4 Nxd4 17. Bxd4 Be6 18. Qb2 Bh6 19. Rc3 Nd7 20. Nd5 Bxd5 21. exd5 Bg7 22. Bxg7 Kxg7 23. c5 Kg8 24. c6 Nf6 25. c7 Qa7+ 26. Kf1 Rc8 27. Qd2 Qb6 28. Qd4 Qxd4 29. Rxd4 Ra8 30. a4 Rec8 31. f4 Ra7 32. a5 Ne8 33. Rdc4 Nf6 34. Bf3 Nd7 35. Kf2 f5 36. g4 Nf6 37. g5 Nd7 38. Rc1 Kf7 39. R4c2 b6 40. Rc6 bxa5 41. Be2 axb4 42. Bxa6 Rxa6 43. Rxa6 Nc5 44. Rxc5 dxc5 45. Rc6 Ke8 46. Rxc5 Kd7 47. Rb5 Rxc7 48. Rxb4 Kd6 49. Rb3 Kxd5 50. Re3 e6 51. Kf3 Rc4 52. Re5+ Kd6 53. Ra5 Rc3+ 54. Kf2 Rc5 55. Ra7 Kd5 56. Rxh7 Ke4 57. Rh6 Kxf4 58. Rxg6 Rc2+ 59. Ke1 e5 60. h4 Ke3 61. Kf1 f4 62. Re6 e4 63. Kg1 Kf3 64. g6 Rg2+ 65. Kh1 Rg4 66. Ra6 e3 67. h5 e2 68. Ra3+ Kf2 0-1